Aplicaçóes da topologia á análise
Shranjeno v:
| Glavni avtor: | |
|---|---|
| Format: | Knjiga |
| Jezik: | portugalščina |
| Izdano: |
Río de Janeiro
Instituto de Matemática Pura e Aplicada
1976
|
| Serija: | Projeto Euclides
|
| Teme: | |
| Oznake: |
Označite
Brez oznak, prvi označite!
|
MARC
| LEADER | 00000nam a2200000 a 4500 | ||
|---|---|---|---|
| 001 | UCW0650 | ||
| 003 | CL-VaPUC | ||
| 008 | 880615e19760000BL |||||||||||||||||por|d | ||
| 082 | 0 | 4 | |a 515.13 |b HON |2 21 |
| 100 | |a Hönig, Chaim Samuel |e author |9 427416 | ||
| 245 | 1 | 0 | |a Aplicaçóes da topologia á análise |
| 300 | |a 221 p | ||
| 942 | |c BK | ||
| 945 | |d 19880615 00:00:00 | ||
| 260 | |a Río de Janeiro |b Instituto de Matemática Pura e Aplicada |c 1976 | ||
| 650 | 0 | |a Topología |9 260092 | |
| 650 | 0 | |a Análisis |9 259550 | |
| 583 | |a last modification |c 19880615 00:00:00 |k Rodrigo Vera | ||
| 490 | 0 | |a Projeto Euclides | |
| 999 | |c 215725 |d 215723 | ||
| 952 | |0 0 |1 0 |4 0 |6 515_130000000000000_HON_1976 |7 0 |8 A |9 200490 |a BIBMAT |b BIBMAT |d 2019-11-14 |i 2677571 |o 515.13 HON 1976 |p 2677571 |r 2025-01-07 |w 2019-11-14 |y BK |k MAT | ||
| 952 | |0 0 |1 0 |4 0 |6 515_130000000000000_HON_1976 |7 0 |8 A |9 200491 |a BIBMAT |b BIBMAT |d 2019-11-14 |i 1318144 |l 1 |m 3 |o 515.13 HON 1976 |p 1318144 |r 2025-01-07 |s 2024-06-04 |w 2019-11-14 |y BK |k MAT | ||